000 00776aam a2200241 a 4500
001 001297574
003 AR-BaBN
005 20260312120420.0
007 ta
008 131128s2000 sp gr 001 j spa
020 _a84-931100-8-6
040 _aAR-BaBN
_bspa
_cAR-BaBN
_eaacr
043 _as-ag---
080 1 _a821.134.2(82)-34
_22016
100 1 _aCortázar, Julio,
_d1914-1984
_eautor
_4aut
245 1 4 _aLas armas secretas /
_cJulio Cortázar.
260 _aBarcelona :
_bSol 90 :
_bClarín,
_c2000.
300 _a136 p. ;
_c22 cm.
490 0 _aBiblioteca de la Literatura Universal
500 _aEn cubierta: Biblioteca Clarín, 4.
505 0 0 _aCartas a mamá -- Los buenos servicios -- Las babas del diablo -- EL perseguidor -- Las armas secretas.
655 4 _aCuento
999 _c965
_d965